| 000 | 01293nam a2200277 4500 | ||
|---|---|---|---|
| 001 | 125741 | ||
| 003 | ES-MaACL | ||
| 005 | 20250404192557.0 | ||
| 007 | t| | ||
| 008 | 070214s1951 sp r ||||1| spa d | ||
| 245 | 0 | 0 |
_aRégimen local / _cAbella ; comentado, concordado y extensamente anotado por la redacción de El consultor de los Ayuntamientos. |
| 250 | _a2ª ed. | ||
| 260 |
_aMadrid : _b[s. n.], _c1951 ( _fTip. Florez) |
||
| 300 |
_a1327 p. ; _c22 cm. |
||
| 505 | 8 | _aContiene: I. Ley de Bases de 1945 ; II. Texto articulado de la Ley ; III. Disposiciones complementarias | |
| 510 |
_aCCPB, _c001087088-1 |
||
| 651 | 0 |
_9222108 _aEspaña- _xLegislación |
|
| 700 | 1 |
_aAbella y Fuertes, Joaquín, _918056 |
|
| 710 | 2 |
_aEl Consultor de los Ayuntamientos y de los Juzgados. _93454 |
|
| 740 | 0 | _aLey de Bases de 1945. | |
| 852 |
_aES-MaACL _jD-6571 _bR.31304 _bR.M.6162 _9130376 _cSVI _fSello en tinta azul de la Biblioteca del Ateneo de Madrid _gAnotación manuscrita en portada: "11" _xEncuadernación en tela roja _zEn hoja de guarda: "15. NOV. 1951" _zEn portada: "15. NOV. 1951" |
||
| 942 |
_2udc _cMONOGRAFIA |
||
| 999 |
_c125741 _d125741 |
||